Histoire tintamarresque de Napoléon III (Record no. 166566)

MARC details
000 -LEADER
campo de control de longitud fija 01118nam a22002655i 4500
001 - NÚMERO DE CONTROL
campo de control 166566
003 - IDENTIFICADOR DE NÚMERO DE CONTROL
campo de control ES-MaACL
005 - FECHA Y HORA DE LA ÚLTIMA TRANSACCIÓN
campo de control 20250703061115.0
008 - DATOS DE LONGITUD FIJA--INFORMACIÓN GENERAL
campo de control de longitud fija 050915m18771878fr a | |||||||| ||fre d
040 ## - FUENTE DE CATALOGACIÓN
Centro catalogador/agencia de origen CAM
Lengua de catalogación spa
Centro/agencia transcriptor CAM
100 0# - ENTRADA PRINCIPAL--NOMBRE DE PERSONA
Nombre de persona Touchatout.
9 (RLIN) 133350
245 10 - MENCIÓN DEL TÍTULO
Título Histoire tintamarresque de Napoléon III
Resto del título : illustrée de nombreux dessins /
Mención de responsabilidad, etc. Touchatout.
260 ## - PUBLICACIÓN, DISTRIBUCIÓN, ETC.
Lugar de publicación, distribución, etc. Paris :
Nombre del editor, distribuidor, etc. chez tous les libraires,
Fecha de publicación, distribución, etc. 1877-1878 (
Fabricante F. Aureau)
300 ## - DESCRIPCIÓN FÍSICA
Extensión 2 v. (803 ; 659 p.) :
Otras características físicas il. ;
Dimensiones 26 cm.
594 ## - Nota al título y mención de responsabilidad
Nota al título y mención de responsabilidad Tít. de la segunda parte: "La dégringolade impériale" con il. de G. Lafosse.
594 ## - Nota al título y mención de responsabilidad
Nota al título y mención de responsabilidad Touchatout es seud. de Charles Léon Bienvenu.
596 ## - NOTA AL PIE DE IMPRENTA
NOTA AL PIE DE IMPRENTA El imp. de la segunda parte: Typographie Tolmer et Isidor Joseph.
597 ## - NOTA DE DESCRIPCIÓN FÍSICA
NOTA DE DESCRIPCIÓN FÍSICA Port. cromolit. en la segunda parte.
600 04 - PUNTO DE ACCESO ADICIONAL DE MATERIA--NOMBRE DE PERSONA
Nombre de persona Napoleón
Numeración III
Títulos y otros términos asociados al nombre Emperador de Francia.
9 (RLIN) 84912
700 1# - ENTRADA AGREGADA--NOMBRE PERSONAL
Nombre de persona Bienvenu, Charles Léon.
9 (RLIN) 125989
700 1# - ENTRADA AGREGADA--NOMBRE PERSONAL
Nombre de persona Touchard-Lafosse, Georges,
Fechas asociadas al nombre 1780-1847
9 (RLIN) 133349
740 3# - ENTRADA AGREGADA--TÍTULO RELACIONADO/ANALÍTICO NO CONTROLADO
Título relacionado o analítico no controlado La dégringolade impériale.
852 ## - LOCALIZACIÓN
Ubicación ES-MaACL
Número de control de estantería C-2307-08
Nota libre -- Enc. hol.
-- -- Legado de Modesto de la Fuente
Holdings
Estatus retirado Estado de pérdida Estado de daño No para préstamo Colección Biblioteca de origen Biblioteca actual Ubicación en estantería Fecha de adquisición Fuente de adquisición Total de préstamos Signatura topográfica completa Código de barras Visto por última vez Precio de reemplazo Tipo de ítem Koha
        Libros del s. XIX Biblioteca del Ateneo de Madrid Biblioteca del Ateneo de Madrid Sala Palomar 17/01/2008     C-2307-2308 1174697 23/02/2023 23/02/2023 Libro impreso antiguo